| 000 | 00441nam a2200181Ia 4500 | ||
|---|---|---|---|
| 001 | 15134 | ||
| 005 | 20260306165005.0 | ||
| 008 | 260306t2009||||xx |||||||||||||| ||spa|| | ||
| 041 | _aESP | ||
| 082 |
_a530 _bS42 V. 2 2009 |
||
| 100 |
_aSerway, Raymond A. _eAUT |
||
| 245 | 0 |
_aFísica: _bpara ciencias e ingeniería con física moderna |
|
| 260 | _c2009 | ||
| 300 |
_a _c |
||
| 650 | _aGEN | ||
| 654 | _aCCN | ||
| 942 |
_cLIB _dJUS _fJUS _2ddc _n |
||
| 999 |
_c15134 _d15134 |
||